• 首页
  • 本馆介绍
  • 公告通知
  • 最新文献
  • 馆藏检索
  • 电子资源
  • 读者导购
  • 参考咨询
  • 我的图书馆
  • 登录
  • 详细信息显示
  • 放入我的书架
  • 预约/预借图书
  • 作者相关作品
  • 分类相关作品
  • 丛书相关作品
  • 出版社相关作品

书目信息

  • 表格格式
  • 工作单格式
  • 卡片格式
题名:
太平天国文化大观
    
 
作者: 盛巽昌 著
分册:  
出版信息: 南宁   广西民族出版社  2000
页数: 577页
开本: 20cm
丛书名:
单 册:
中图分类: K254.03
科图分类:
主题词: 太平天国革命--文化史--研究
电子资源:
ISBN: 7-5363-3741-8
000 00566nam0 2200193 45
001 0312151594
005 20031219104123.0
010    @a7-5363-3741-8@dCNY32.00
100    @a20031215d2000 km y0chiy0120 ea
101 0  @achi
105    @a z 000yy
200 1  @a太平天国文化大观@ATai Ping Tian Guo Wen Hua Da Guan@f盛巽昌著@FSheng Xun Chang Zhu
210    @a南宁@c广西民族出版社@d2000
215    @a577页@d20cm
606 0  @a太平天国革命@x文化史@x研究
690    @aK254.03@v4
701  0 @a盛巽昌@4著
801    @aCN@bTSTC@c20031215
905    @b330027-031@dK254.03@e31@f5
    
    太平天国文化大观/盛巽昌著.-南宁:广西民族出版社,2000
    577页;20cm
    
    
    ISBN 7-5363-3741-8:CNY32.00
    
●
相关链接 在E读中查询图书 在五车中查询图书 在当当中查询图书 在豆瓣中查询图书


正题名:太平天国文化大观     索取号:K254.03/31         预约/预借

序号 登录号 条形码 馆藏地/架位号 状态 备注
1 0330027   203300276   第二借阅区/ [索取号:K254.03/31] 在馆    
2 0330028   203300285   第二借阅区/ [索取号:K254.03/31] 在馆    
3 0330029   203300294   第二借阅区/ [索取号:K254.03/31] 在馆    
4 0330030   203300301   第二借阅区/ [索取号:K254.03/31] 在馆    
5 0330031   203300310   第二样本阅览室/ [索取号:K254.03/31] 在馆    
唐山师范学院图书馆 欢迎您!
大连网信软件有限公司© 版权所有